Libertad religiosa en la Unin̤ Europea el caso de la Mezquita-Catedral de Cr̤doba /

Detalles Bibliográficos
Autor principal: Cano Montejano, Jos ̌Carlos
Formato: eBook
Lenguaje:español
Publicado: Madrid: Dykinson, 2017
Materias:
Acceso en línea:Acceso restringido

MARC

LEADER 00000nam a22000007a 4500
005 20180402213431.0
007 cr|||| ||||
008 180402s2017 es |||||s|||| 00||0 spa d
020 |a 978-84-9148-416-5 
035 |a 21308 
040 |a vLex 
090 |c 7635  |d 7635 
100 1 |a Cano Montejano, Jos ̌Carlos 
245 1 0 |a Libertad religiosa en la Unin̤ Europea  |h [Recurso electrn̤ico] :  |b el caso de la Mezquita-Catedral de Cr̤doba /  |c Jos ̌Carlos Cano Montejano 
256 |a Servicio en ln̕ea 
260 |a Madrid:  |b Dykinson,  |c 2017 
300 |a 1 recurso electrn̤ico 
500 |a La libertad religiosa es una manifestacin̤ de ese espacio inmaterial, intangible e irreductible de la persona humana que tiene muchas manifestaciones y connotaciones. En el plano interno se muestra como libertad de conciencia, pero en su vertiente pb︢lica y externa hace referencia a los templos religiosos, y a la facultad de que los diversos credos ostenten la propiedad sobre inmuebles donde poder manifestar y practicar su culto. En ocasiones, algunos de estos tienen connotaciones singulares, que los hacen verdaderamente n︢icos. Es el caso de la Mezquita-Catedral de Cr̤doba, en la que se dan cita religin̤, patrimonio histr̤ico-arts̕tico y confluencia de estilos no sl̤o arquitectn̤icos–. En esta obra se analizan desde una vertiente eminentemente jurd̕ica diversos aspectos relacionados –de un modo u otro– con la polm̌ica suscitada respecto a la titularidad en favor de la Iglesia Catl̤ica de la Mezquita-Catedral, exponiendo elementos insoslayables que se pondrǹ manifiesto en los diversos artc̕ulos recogidos en este trabajo 
506 1 |a Disponible solo en los productos indicados  |d vLex Global  |d vLex Global (Academic Edition, excluding Law Schools)  |d vLex Global (U.S. Academic Edition, Law Schools)  |d vLex Global (U.S. Academic Edition, excluding Law Schools)  |d vLex Global (Academic Edition, Law Schools) 
650 0 4 |a Derecho Constitucional  |z Espaą 
740 0 |a vLex Libros (Servicio en ln̕ea) 
856 4 0 |u http://vlex.com/source/libertad-religiosa-en-la-union-europea-el-caso-de-la-mezquita-catedral-de-cordoba-21308  |z Acceso restringido 
942 |c BOOK 
999 0 |a Constitutional right